Inglés profesional para servicios de restauración (MF1051_2) (Registro nro. 12724)
[ vista simple ]
| 000 -CABECERA | |
|---|---|
| campo de control de longitud fija | 00883nam a2200301 4500 |
| 005 - FECHA Y HORA DE ACTUALIZACIÓN | |
| campo de control | 20200915111341.0 |
| 008 - LONGITUD FIJA | |
| campo de control de longitud fija | 200908b xxu||||| |||| 00| 0 spa d |
| 020 ## - INTERNATIONAL STANDARD BOOK NUMBER | |
| Número Internacional Estándar del Libro | 9788417026851 |
| 041 ## - IDIOMA | |
| Código de idioma del texto/pista de sonido o título separado | |
| 082 ## - CLASIFICACIÓN DECIMAL DEWEY | |
| Número de clasificación | 428.3 V758i |
| 100 ## - AUTOR PERSONAL | |
| Nombre de persona | Villodres Oliveros, Verónica |
| 100 ## - AUTOR PERSONAL | |
| Nombre de persona | Reina Espejo, María del Pilar |
| 100 ## - AUTOR PERSONAL | |
| Nombre de persona | Duarte Gómez, Mariana |
| 245 ## - TÍTULO PROPIAMENTE DICHO | |
| Título | Inglés profesional para servicios de restauración (MF1051_2) |
| 260 ## - PIE DE IMPRENTA | |
| Lugar de publicación, distribución, etc. | España |
| 260 ## - PIE DE IMPRENTA | |
| Nombre del editor, distribuidor, etc. | IC Editorial |
| 260 ## - PIE DE IMPRENTA | |
| Fecha de publicación, distribución, etc. | 2017 |
| 300 ## - DESCRIPCIÓN FÍSICA | |
| Extensión | 419 páginas |
| 650 ## - Materia General | |
| Materia general | INGLÉS |
| 650 ## - Materia General | |
| Materia general | ENSEÑANZA |
| 650 ## - Materia General | |
| Materia general | TURISMO |
| 650 ## - Materia General | |
| Materia general | SERVICIOS DE RESTAURACIÓN |
| 650 ## - Materia General | |
| Materia general | ATENCIÓN AL CLIENTE |
| 650 ## - Materia General | |
| Materia general | INFORMACIÓN GASTRONÓMICA |
| 650 ## - Materia General | |
| Materia general | EXPRESIÓN ORAL |
| 650 ## - Materia General | |
| Materia general | EXPRESIÓN ESCRITA |
| 942 ## - Punto de Acceso Adicional Koha | |
| Tipo de ítem Koha | Libro |
| Estado perdido | Estado dañado | No para préstamo | Biblioteca permanente | Biblioteca actual | Signatura completa | Código de barras | Precio efectivo a partir del | Tipo de ítem |
|---|---|---|---|---|---|---|---|---|
| Departamento de Biblioteca y Documentación Alfonso Chase Brenes | Departamento de Biblioteca y Documentación Alfonso Chase Brenes | 428.3 V758i | 25068 | 08/09/2020 | Libro |